00472nam a2200181Ia 4500003000400000005001700004008004100021020001800062040000700080041000800087082002400095100002400119245006400143250000600207260004700213300001700260365001300277OSt20230418115705.0210423s2008 xx 000 0 und d a9788131728178 cAL aeng a658.150954 PATB223 aPATHAK (Bharati V). aIndian financial system: markets institutions and services. a3 aNew DelhibPearson Education Pvt Ltdc2008 axxvi,783bPB b485cINR